Catálogo
 En Linea

Saint-Domingue. (Registro nro. 39610)

Detalles MARC
000 -CABECERA
campo de control de longitud fija 00295nam a2200109 a 4500
005 - FECHA Y HORA DE LA ÚLTIMA TRANSACCIÓN
campo de control 20201002033929.0
008 - DATOS DE LONGITUD FIJA--INFORMACIÓN GENERAL
campo de control de longitud fija 130808s1867 000 spa d
040 ## - FUENTE DE LA CATALOGACIÓN
Centro catalogador/agencia de origen DO-SdBNP
100 ## - ENTRADA PRINCIPAL--NOMBRE DE PERSONA
Nombre de persona Vaissiere, Pierre de
9 (RLIN) 66383
245 #0 - MENCIÓN DE TÍTULO
Título Saint-Domingue.
260 ## - PUBLICACIÓN, DISTRIBUCIÓN, ETC.
Lugar de publicación, distribución, etc. Paris -- edi. desc.,
Fecha de publicación, distribución, etc. [1867] -- 384 pag.

No hay ítems disponibles.

Con tecnología Koha